Actes XVIIe Colloque International de Lingüistique Fonctionnelle (Record no. 187026)

MARC details
000 -LEADER
campo de control de longitud fija 01041nam a2200229 i 4500
001 - NÚMERO DE CONTROL
campo de control 187026
003 - IDENTIFICADOR DE NÚMERO DE CONTROL
campo de control SpMaBN
005 - FECHA Y HORA DE LA ÚLTIMA TRANSACCIÓN
campo de control 20230906222811.0
008 - DATOS DE LONGITUD FIJA--INFORMACIÓN GENERAL
campo de control de longitud fija 170403s1992 sp |||| | fre d
020 ## - NÚMERO INTERNACIONAL ESTÁNDAR DEL LIBRO
Número Internacional Estándar del Libro 84-7719-319-3
080 ## - NÚMERO DE LA CLASIFICACIÓN DECIMAL UNIVERSAL
Número de la Clasificación Decimal Universal 801(063)
080 ## - NÚMERO DE LA CLASIFICACIÓN DECIMAL UNIVERSAL
Número de la Clasificación Decimal Universal 801.54(063)
111 2# - ENTRADA PRINCIPAL--NOMBRE DE CONGRESO/REUNIÓN
Nombre de congreso/reunión o jurisdicción como elemento de entrada Coloquio Internacional de Lingüística Funcional (
Número del congreso/reunión o número de parte o sección 17º.
Fecha del congreso o de la firma del tratado 1990.
Sede del congreso/Lugar de la reunión León)
9 (RLIN) 162266
245 10 - MENCIÓN DEL TÍTULO
Título Actes XVIIe Colloque International de Lingüistique Fonctionnelle
Resto del título : León, Espagne, 5-10 juillet 1990 /
Mención de responsabilidad, etc. Société Internationale de Lingüistique Fonctionnelle = International Society for Functional Linguistics, S.I.L.F. ; edition préparée par Gisèle Ducos, Salvador Gutiérrez, Bonifacio Rodríguez.
260 ## - PUBLICACIÓN, DISTRIBUCIÓN, ETC.
Lugar de publicación, distribución, etc. León :
Nombre del editor, distribuidor, etc. Universidad, Secretariado de Publicaciones,
Fecha de publicación, distribución, etc. 1992.
300 ## - DESCRIPCIÓN FÍSICA
Extensión 345 p. ;
Dimensiones 24 cm.
546 ## - NOTA DE IDIOMA
Nota de lengua/lenguaje Textos en francés y español.
650 07 - PUNTO DE ACCESO ADICIONAL DE MATERIA--TÉRMINO DE MATERIA
Término de materia o nombre geográfico como elemento de entrada Lingüística-
Subdivisión de forma Congresos y asambleas.
9 (RLIN) 14465
650 #7 - PUNTO DE ACCESO ADICIONAL DE MATERIA--TÉRMINO DE MATERIA
Término de materia o nombre geográfico como elemento de entrada Semántica-
Subdivisión de forma Congresos y asambleas.
9 (RLIN) 162267
710 2# - ENTRADA AGREGADA--NOMBRE DE ENTIDAD CORPORATIVA
Nombre de entidad corporativa o nombre de jurisdicción como elemento de entrada Universidad de León.
9 (RLIN) 7200
852 ## - LOCALIZACIÓN
Ubicación ES-MaACL
Número de control de estantería L-31347
Holdings
Estatus retirado Estado de pérdida Estado de daño No para préstamo Biblioteca de origen Biblioteca actual Ubicación en estantería Fecha de adquisición Fuente de adquisición Total de préstamos Signatura topográfica completa Código de barras Visto por última vez Precio de reemplazo Tipo de ítem Koha
        Biblioteca del Ateneo de Madrid Biblioteca del Ateneo de Madrid Depósito 2 03/04/2017     L-31347 1197310 23/02/2023 23/02/2023 Libro impreso